|
|
|
|
| LEADER |
02182nam a2200529 a 4500 |
| 001 |
nkc20122375321 |
| 003 |
CZ PrNK |
| 005 |
20230801080752.0 |
| 007 |
ta |
| 008 |
120727s2012 xr abcfg f 001 0 cze |
| 015 |
|
|
|a cnb002375321
|
| 020 |
|
|
|a 978-80-7462-080-5
|q (brož.)
|
| 035 |
|
|
|a (OCoLC)815381106
|
| 040 |
|
|
|a ABA001
|b cze
|
| 041 |
1 |
|
|a cze
|h eng
|
| 043 |
|
|
|a e-it---
|
| 072 |
|
7 |
|a 913(4)
|x Geografie Evropy, reálie, cestování
|2 Konspekt
|9 7
|
| 080 |
|
|
|a 913(450)
|2 MRF
|
| 080 |
|
|
|a (036)913
|2 MRF
|
| 245 |
0 |
0 |
|a Itálie /
|c napsali a sestavili Rob Andrews ... [et al.] ; spolupracovali Natasha Fogesová, Jeffrey Kennedy a Greg Ward ; [z anglického originálu ... přeložil Radek Beneš]
|
| 246 |
1 |
|
|i Obálkový a hřbetní název:
|a Turistický průvodce Itálie
|
| 250 |
|
|
|a 3. vyd.
|
| 260 |
|
|
|a Brno :
|b Jota,
|c 2012
|
| 300 |
|
|
|a xxiv, 1155 s., [8] s. obr. příl. :
|b il. (některé barev.), mapy, portréty, plány ;
|c 20 cm
|
| 490 |
1 |
|
|a Průvodce ;
|v sv. 152
|
| 500 |
|
|
|a Česko-italský slovník
|
| 500 |
|
|
|a Terminologický slovník
|
| 500 |
|
|
|a Obsahuje rejstřík
|
| 651 |
|
7 |
|a Itálie
|7 ge129398
|2 czenas
|
| 651 |
|
9 |
|a Italy
|2 eczenas
|
| 655 |
|
7 |
|a turistické průvodce
|7 fd133738
|2 czenas
|
| 655 |
|
9 |
|a tourist guidebooks
|2 eczenas
|
| 700 |
1 |
|
|a Andrews, Robert,
|d 1957-
|7 jn20000600236
|4 aut
|4 com
|
| 700 |
1 |
|
|a Foges, Natasha
|7 jo2012712226
|4 ctb
|
| 700 |
1 |
|
|a Kennedy, Jeffrey
|7 xx0003150
|4 ctb
|
| 700 |
1 |
|
|a Ward, Greg
|7 mzk2002156984
|4 ctb
|
| 700 |
1 |
|
|a Beneš, Radomír
|7 ola20181005997
|4 trl
|
| 765 |
0 |
|
|t Rough guide to Italy
|9 Česky
|
| 830 |
|
0 |
|a Průvodce (Jota)
|0 s
|
| 910 |
2 |
|
|a BOA001
|b 1-1286.383
|
| 990 |
|
|
|a BK
|
| 995 |
|
|
|a 01
|
| 991 |
|
|
|b 201208
|c NOV
|j 913(4) PRU ITÁ
|e n
|
| 996 |
6 |
|
|b 2610518066
|c 1-1286.383
|l MZK
|r Sklad / do 1 hodiny
|n 4
|p p.v.
|w 001268158
|u 000010
|a 1
|e BOA001
|j MZK50
|s P
|
| 996 |
7 |
|
|b 2610518067
|c 1-1286.383
|l MZK
|r Sklad / do 1 hodiny
|n 48
|p p.v.
|w 001268158
|u 000020
|a 1
|e BOA001
|j MZK50
|s A
|
| 996 |
7 |
|
|b 2610519479
|c 1-1286.383
|l MZK
|r Sklad / do 1 hodiny
|n 1
|p kup
|w 001268158
|u 000030
|a 1
|e BOA001
|j MZK50
|s A
|
| 996 |
7 |
|
|b 2610570614
|c 1-1286.383
|l MZK
|r Sklad / do 1 hodiny
|n 31
|p kup
|w 001268158
|u 000040
|a 1
|e BOA001
|j MZK50
|s A
|